1510 1971 1294 1482 1973 1126 1123 1428 1802 1350 1572 1395 1074 1279 1445 1211 1931 1077 1006 1233 1276 1046 1207 1694 1479 1056 1438 1839 1342 1234 1891 1742 1628 1046 1378 1613 1639 1054 1134 1856 1793 1665 1364 1744 1622 1493 1424 1333 1052 1687 1659 1084 1961 1143 1889 1708 1913 1913 1876 1983 1634 1009 1710 1111 1722 1192 1099 1677 1416 1154 1821 1986 1235 1009 1554 1609 1469 1247 1961 1941 1158 1061 1409 1317 1560 1129 1334 1113 1013 1680 1116 1757 1908 1763 1363 1550 1836 1779 1351 BCNSPRNW ULIB Ver.6.0+V

เปลี่ยนเป็นภาษาไทย

Change to English
 แสดงรายละเอียดบรรณานุกรม
  กลับหน้าหลัก

Brief Record : Get Marc (ISO 2709) : E-mail record : QR code < ปิดหน้าต่าง
LEADER : 00000nam 2200000uu 4500
001    13399109041
003     ULIB
008    110320s2544||||th 000 0 tha d
020    9748539164
060 04 WX157^bช647ก 2544
100 0  ชูชัย ศรชำนิ
245 10 การบริหารการเงินในสถานบริการสุขภาพ /^cชูชัย ศรชำนิ,ปาริฉัตร ตันติยวรงค์
250    พิมพ์ครั้งที่ 1
260    นนทบุรี :^bโครงการสวัสดิการวิชาการ สถาบันพระบรมราชชนกกระทรวงสาธารณสุข,^c2544
300    120 หน้า ;^c21 ซม.
650  7 การเงิน
650  7 นโยบายการเงิน
650  7 การบริหารโรงพยาบาล^xแง่เศรษฐกิจ
650  7 สถานบริการสาธารณสุข^xแง่เศรษฐกิจ
650  7 การบริหารสาธารณสุข
700 0  ปาริฉัตร ตันติยวรงค์
710 2  สถาบันพระบรมราชชนก. ^bโครงการสวัสดิการวิชาการ
945    ^p0^l0^i018980
995    เกษร
999 ^a ใช้งานได้ทุกระบบ
รายการนี้ยังไม่มีแท็ก
คุณยังไม่ได้ล็อกอิน คุณสามารถมีกิจกรรมร่วมกับเว็บไซต์ได้ แต่ต้องล็อกอินก่อน ::
  ล็อกอิน

รายการสื่อสารสนเทศ

ลำดับที่ ประเภท เลขเรียก/บาร์โค้ด สถานที่ สถานะ
- ไม่พบข้อมูล -

รายการใกล้เคียง
    หัวเรื่อง [การเงิน]
    หัวเรื่อง [การบริหารสาธารณสุข]

BibComment


ยังไม่เคยถูกคอมเมนท์

คอมเมนท์ทรัพยากรรายการนี้
  คอมเมนท์: การบริหารการเงินใ..


 Copyright 2026. Bcnsprnw @Library